Ngữ văn 7
Sách giới thiệu chung về môn Ngữ văn 7 và hướng dẫn dạy cụ thể các bài trong sách giáo khoa Ngữ văn 7. Giúp giáo viên nâng cao hiệu quả giảng dạy.
Đã lưu trong:
| 主要作者: | |
|---|---|
| 格式: | 圖書 |
| 語言: | Undetermined |
| 出版: |
Hà Nội
Giáo dục Việt Nam
2010
|
| 主題: | |
| 標簽: |
添加標簽
沒有標簽, 成為第一個標記此記錄!
|
| Thư viện lưu trữ: | Trung tâm Học liệu Trường Đại học Cần Thơ |
|---|
| LEADER | 00852nam a2200217Ia 4500 | ||
|---|---|---|---|
| 001 | CTU_159071 | ||
| 008 | 210402s9999 xx 000 0 und d | ||
| 020 | |c 9500 | ||
| 082 | |a 495.9220712 | ||
| 082 | |b Ph300/T.1/L.7 | ||
| 100 | |a Nguyễn, Khắc Phi | ||
| 245 | 0 | |a Ngữ văn 7 | |
| 245 | 0 | |c Nguyễn Khắc Phi (Tổng chủ biên) | |
| 260 | |a Hà Nội | ||
| 260 | |b Giáo dục Việt Nam | ||
| 260 | |c 2010 | ||
| 520 | |a Sách giới thiệu chung về môn Ngữ văn 7 và hướng dẫn dạy cụ thể các bài trong sách giáo khoa Ngữ văn 7. Giúp giáo viên nâng cao hiệu quả giảng dạy. | ||
| 650 | |a Vietnamese language | ||
| 650 | |x Study and teaching (Secondary) | ||
| 904 | |i Bé Ba, Bạch Trúc | ||
| 980 | |a Trung tâm Học liệu Trường Đại học Cần Thơ | ||